[Event "Bretagne-ch U16"]
[Site "Ploermel"]
[Date "2007.02.14"]
[Round "2"]
[White "Olier, Anthony"]
[Black "Bacon, Flavien"]
[Result "1-0"]
[WhiteElo "1825"]
[BlackElo "1850"]
[PlyCount "51"]
[EventDate "2007.02.13"]
[EventType "tourn"]
[EventRounds "6"]
[EventCountry "FRA"]
[SourceTitle "EXT 2008"]
[Source "ChessBase"]
[SourceDate "2007.11.25"]
[SourceVersion "1"]
[SourceVersionDate "2007.11.25"]
[SourceQuality "1"]

1. e4 c5 2. Nf3 e6 3. d4 cxd4 4. Nxd4 a6 5. Nc3 Qc7 6. Bd3 Nc6 7. Nxc6 dxc6 8. 0-0 Bc5 9. Qg4 g6 10. Kh1 e5 11. Qe2 h5 12. f4 Bg4 13. Qe1 Bd6 14. f5 0-0-0 15. h3 gxf5 16. exf5 Ne7 17. Be4 Bb4 18. Be3 Nd5 19. Nxd5 cxd5 20. Qxb4 dxe4 21. hxg4 hxg4+ 22. Kg1 g3 23. Bb6 Qc6 24. Bxd8 Qh6 25. Qc5+ Kxd8 26. Rad1+ 1-0

[Event "Bretagne-ch U16"]
[Site "Ploermel"]
[Date "2007.02.13"]
[Round "1"]
[White "Nineuil, Vincent"]
[Black "Olier, Anthony"]
[Result "1-0"]
[WhiteElo "2040"]
[BlackElo "1825"]
[PlyCount "79"]
[EventDate "2007.02.13"]
[EventType "tourn"]
[EventRounds "6"]
[EventCountry "FRA"]
[SourceTitle "EXT 2008"]
[Source "ChessBase"]
[SourceDate "2007.11.25"]
[SourceVersion "1"]
[SourceVersionDate "2007.11.25"]
[SourceQuality "1"]

1. d4 Nf6 2. Nf3 e6 3. c4 b6 4. Nc3 Ba6 5. e3 Be7 6. Bd3 0-0 7. 0-0 d5 8. b3 Nc6 9. Ne5 Nxe5 10. dxe5 Ne8 11. cxd5 Bxd3 12. Qxd3 Bc5 13. e4 f6 14. exf6 Nxf6 15. Bg5 h6 16. Bh4 g5 17. Bg3 Nh5 18. Be5 Nf4 19. Bxf4 gxf4 20. Qf3 e5 21. Rac1 Kh7 22. Na4 Bd6 23. Nb2 Qg5 24. Kh1 Rf6 25. Nc4 Bc5 26. Rc3 Rg8 27. Na5 Rfg6 28. Nb7 Qh4 29. g3 fxg3 30. fxg3 Rxg3 31. Qf5+ R3g6 32. Nxc5 bxc5 33. Rxc5 Kh8 34. Qxe5+ R8g7 35. Rxc7 Qh3 36. Rf8+ Kh7 37. Rxg7+ Rxg7 38. Qf5+ Qxf5 39. Rxf5 Rg1+ 40. Kxg1 1-0

[Event "FRA-chT3 Gr06 0607"]
[Site "France"]
[Date "2006.11.26"]
[Round "3.5"]
[White "Olier, Anthony"]
[Black "Huguet, Francois"]
[Result "0-1"]
[WhiteElo "1848"]
[BlackElo "2070"]
[PlyCount "52"]
[EventDate "2006.10.15"]
[EventType "team"]
[EventRounds "9"]
[EventCountry "FRA"]
[SourceTitle "EXT 2008"]
[Source "ChessBase"]
[SourceDate "2007.11.25"]
[SourceVersion "1"]
[SourceVersionDate "2007.11.25"]
[SourceQuality "1"]
[WhiteTeam "Douarnenez"]
[BlackTeam "Quimper"]
[WhiteTeamCountry "FRA"]
[BlackTeamCountry "FRA"]

1. e4 c5 2. Nf3 Nc6 3. d4 cxd4 4. Nxd4 Nf6 5. Nc3 Qc7 6. g3 Nxe4 7. Nxe4 Qe5 8. Nf3 Qxe4+ 9. Be3 d6 10. Bg2 Qb4+ 11. Bd2 Qb5 12. Bc3 e5 13. Qd2 Be7 14. 0-0-0 0-0 15. h4 Bg4 16. Rde1 Rac8 17. Ng5 Bf5 18. Be4 Bxe4 19. Rxe4 d5 20. Qe2 Qxe2 21. Rxe2 Bf6 22. Rhe1 h6 23. Nf3 e4 24. Bxf6 exf3 25. Bxg7 fxe2 26. Rxe2 Kxg7 0-1

[Event "FRA-chT3 Gr06 0607"]
[Site "France"]
[Date "2006.11.25"]
[Round "2.7"]
[White "Peyre, Camille"]
[Black "Olier, Anthony"]
[Result "1-0"]
[WhiteElo "1797"]
[BlackElo "1848"]
[PlyCount "120"]
[EventDate "2006.10.15"]
[EventType "team"]
[EventRounds "9"]
[EventCountry "FRA"]
[SourceTitle "EXT 2008"]
[Source "ChessBase"]
[SourceDate "2007.11.25"]
[SourceVersion "1"]
[SourceVersionDate "2007.11.25"]
[SourceQuality "1"]
[WhiteTeam "Queven"]
[BlackTeam "Douarnenez"]
[WhiteTeamCountry "FRA"]
[BlackTeamCountry "FRA"]

1. d4 Nf6 2. Bg5 e6 3. e4 Be7 4. e5 Nd5 5. Bxe7 Nxe7 6. Bd3 b6 7. Be4 Nbc6 8. c3 d5 9. Bd3 Bb7 10. f4 Na5 11. Nd2 Nc4 12. b3 Nb2 13. Qc2 Nxd3+ 14. Qxd3 Rc8 15. Ngf3 c5 16. 0-0 Rc6 17. b4 cxb4 18. cxb4 Qc7 19. b5 Rc3 20. Qe2 Nf5 21. Nb3 Qc4 22. Qxc4 Rxc4 23. Rfc1 Ke7 24. Nbd2 Rxc1+ 25. Rxc1 Rc8 26. Rxc8 Bxc8 27. Kf2 f6 28. Ke2 Bd7 29. a4 Kd8 30. Kd3 Kc7 31. Nb1 Be8 32. Nc3 Bh5 33. Ne1 Bg6 34. Nf3 Nd6+ 35. Kd2 Nc4+ 36. Ke2 Bc2 37. g4 Nb2 38. Kd2 Bxa4 39. Nxa4 Nxa4 40. Kc2 a6 41. bxa6 b5 42. exf6 gxf6 43. g5 f5 44. h4 Nb6 45. h5 Nc8 46. g6 hxg6 47. hxg6 Ne7 48. g7 Kb6 49. Ng5 Kxa6 50. Nxe6 Kb6 51. Kc3 Kc6 52. Kb4 Kd6 53. Ng5 Ng8 54. Kxb5 Ne7 55. Nf7+ Ke6 56. Nh6 Ng8 57. Nxg8 Kf7 58. Kc5 Kxg8 59. Kxd5 Kxg7 60. Ke5 Kf7 1-0

[Event "FRA-chT3 Gr06 0607"]
[Site "France"]
[Date "2006.10.15"]
[Round "1.6"]
[White "Schmouchkovitch, Michel"]
[Black "Olier, Anthony"]
[Result "1-0"]
[WhiteElo "1964"]
[BlackElo "1848"]
[PlyCount "80"]
[EventDate "2006.10.15"]
[EventType "team"]
[EventRounds "9"]
[EventCountry "FRA"]
[SourceTitle "EXT 2008"]
[Source "ChessBase"]
[SourceDate "2007.11.25"]
[SourceVersion "1"]
[SourceVersionDate "2007.11.25"]
[SourceQuality "1"]
[WhiteTeam "Brest"]
[BlackTeam "Douarnenez"]
[WhiteTeamCountry "FRA"]
[BlackTeamCountry "FRA"]

1. f4 e5 2. fxe5 d6 3. exd6 Bxd6 4. Nf3 Bg4 5. g3 Nf6 6. Bg2 c6 7. d4 Nbd7 8. Nc3 0-0 9. Qd3 Re8 10. Bg5 Qc7 11. 0-0-0 b5 12. Bxf6 Nxf6 13. Rde1 b4 14. Nd1 Ne4 15. Nd2 Nxd2 16. Qxd2 Rac8 17. Kb1 c5 18. d5 c4 19. c3 Qa5 20. cxb4 Bxb4 21. Nc3 Rb8 22. Ka1 Rxe2 23. Rxe2 Bxe2 24. Re1 Bxc3 25. Qxc3 Qxc3 26. bxc3 Bd3 27. d6 Bf5 28. Bc6 Be6 29. a4 Kf8 30. Ka2 Rd8 31. Rd1 Bd7 32. Bxd7 Rxd7 33. Ka3 a5 34. Rd5 Ke8 35. Rxa5 Rxd6 36. Rc5 Rd2 37. Rh5 h6 38. Kb4 Ra2 39. h4 Kd7 40. a5 Kc7 1-0

[Event "Hennebont Grand Prix"]
[Site "Hennebont"]
[Date "2006.08.05"]
[Round "3"]
[White "Olier, Anthony"]
[Black "Ababou, Alexandre"]
[Result "0-1"]
[WhiteElo "1750"]
[BlackElo "1410"]
[PlyCount "90"]
[EventDate "2006.08.05"]
[EventType "swiss"]
[EventRounds "7"]
[EventCountry "FRA"]
[SourceTitle "EXT 2007"]
[Source "ChessBase"]
[SourceDate "2006.11.23"]
[SourceVersion "1"]
[SourceVersionDate "2006.11.23"]
[SourceQuality "1"]

1. e4 e5 2. Nf3 Nc6 3. Bb5 a6 4. Ba4 Nf6 5. 0-0 Be7 6. Re1 b5 7. Bb3 0-0 8. c3 d6 9. h3 Na5 10. Bc2 c5 11. d3 Qc7 12. Nbd2 Ne8 13. Nf1 f5 14. Ne3 Be6 15. Nd5 Bxd5 16. exd5 Nf6 17. Ng5 Qd7 18. Ne6 Rfe8 19. Qf3 g6 20. g4 f4 21. h4 Nb7 22. h5 g5 23. d4 Nd8 24. Bf5 Qb7 25. dxe5 dxe5 26. Rxe5 Bd6 27. Nxd8 Raxd8 28. Be6+ Kg7 29. Rxg5+ Kh8 30. Qd3 Bb8 31. Rf5 Rxe6 32. Bxf4 Bxf4 33. Rxf4 Qxd5 34. Qg3 Qd3 35. Rf3 Qd6 36. Qh4 Nxg4 37. Kh1 Rg8 38. Rg3 Nxf2+ 39. Kg2 Rxg3+ 40. Qxg3 Qxg3+ 41. Kxg3 Ne4+ 42. Kf4 Nd6 43. Rd1 Nf7 44. Rd7 Kg7 45. Kf5 Re5+ 0-1

[Event "Hennebont Grand Prix"]
[Site "Hennebont"]
[Date "2006.08.05"]
[Round "1"]
[White "Olier, Anthony"]
[Black "Lever, Pascal"]
[Result "1-0"]
[WhiteElo "1750"]
[BlackElo "1499"]
[PlyCount "97"]
[EventDate "2006.08.05"]
[EventType "swiss"]
[EventRounds "7"]
[EventCountry "FRA"]
[SourceTitle "EXT 2007"]
[Source "ChessBase"]
[SourceDate "2006.11.23"]
[SourceVersion "1"]
[SourceVersionDate "2006.11.23"]
[SourceQuality "1"]

1. e4 e5 2. Nf3 Nc6 3. Bb5 d6 4. 0-0 a6 5. Ba4 Nf6 6. Re1 Bg4 7. c3 b5 8. Bc2 d5 9. h3 Bh5 10. g4 Bg6 11. exd5 Bxc2 12. Qxc2 Qxd5 13. Qf5 Bd6 14. d4 e4 15. Qxd5 Nxd5 16. Rxe4+ Nce7 17. Nbd2 0-0 18. Nb3 Rae8 19. Bd2 f5 20. gxf5 Rxf5 21. Ne5 Ref8 22. Rf1 g5 23. Nd7 R8f7 24. Nbc5 Bxc5 25. Nxc5 a5 26. Rg4 h6 27. h4 Nf4 28. Bxf4 Rxf4 29. Rxf4 Rxf4 30. hxg5 hxg5 31. Re1 Nf5 32. Re4 Nh4 33. Rxf4 gxf4 34. Ne6 Nf3+ 35. Kg2 Ne1+ 36. Kh3 f3 37. Kg3 c6 38. Ng5 Nd3 39. Nxf3 Nxb2 40. Ne5 a4 41. Nxc6 a3 42. Nb4 Nd1 43. Nd5 Kf7 44. f4 Ke6 45. Nc7+ Kd6 46. Nxb5+ Kd5 47. f5 Kc4 48. Nxa3+ Kxc3 49. f6 1-0

[Event "FRA-chT4 0506"]
[Site "Bretagne"]
[Date "2005.12.04"]
[Round "3"]
[White "Le Bideau, Alain"]
[Black "Olier, Anthony"]
[Result "0-1"]
[WhiteElo "1499"]
[BlackElo "1630"]
[PlyCount "80"]
[EventDate "2005.10.16"]
[EventType "team"]
[EventRounds "7"]
[EventCountry "FRA"]
[SourceTitle "EXT 2007"]
[Source "ChessBase"]
[SourceDate "2006.11.23"]
[SourceVersion "1"]
[SourceVersionDate "2006.11.23"]
[SourceQuality "1"]

1. d4 g6 2. c4 Bg7 3. Nf3 d6 4. e3 Nf6 5. Be2 0-0 6. 0-0 c5 7. d5 Bd7 8. Nc3 Na6 9. a3 Nc7 10. b4 Ne4 11. Nxe4 Bxa1 12. bxc5 dxc5 13. Nxc5 Qc8 14. d6 Ne6 15. Nxd7 Qxd7 16. dxe7 Qxe7 17. Qb3 Rfd8 18. Bb2 Bxb2 19. Qxb2 Rd6 20. Rd1 Rad8 21. Rxd6 Rxd6 22. Qe5 Qc7 23. Qb5 Qc6 24. a4 Qxb5 25. axb5 a6 26. bxa6 bxa6 27. g3 a5 28. Kg2 a4 29. c5 Nxc5 30. Nd4 Rb6 31. Nb5 Nb3 32. h4 Rxb5 33. Bxb5 a3 34. Ba4 a2 35. Bxb3 a1Q 36. Bd5 Kg7 37. e4 f5 38. exf5 gxf5 39. h5 Qe5 40. Bf3 Kh6 0-1

[Event "Fouesnant op 09th"]
[Site "Fouesnant"]
[Date "2003.10.29"]
[Round "7"]
[White "Olier, Anthony"]
[Black "Tripoteau, Philippe"]
[Result "1-0"]
[WhiteElo "1360"]
[BlackElo "1570"]
[PlyCount "67"]
[EventDate "2003.10.25"]
[EventType "swiss"]
[EventRounds "9"]
[EventCountry "FRA"]
[SourceTitle "EXT 2006"]
[Source "ChessBase"]
[SourceDate "2005.11.24"]
[SourceVersion "1"]
[SourceVersionDate "2005.11.24"]
[SourceQuality "1"]

1. e4 e5 2. Nf3 Nc6 3. Bc4 Bc5 4. Nc3 d6 5. d3 Bg4 6. Be3 Nf6 7. 0-0 0-0 8. h3 Bh5 9. Nd5 Nxd5 10. Bxd5 Qd7 11. Bxc5 dxc5 12. Nxe5 Nxe5 13. Qxh5 Nc6 14. Bb3 Rae8 15. Qxc5 Re5 16. Qe3 Kh8 17. f4 Rh5 18. Rae1 Re8 19. Qd2 Nd4 20. Qb4 Rxh3 21. gxh3 Qxh3 22. Qd2 Nf3+ 23. Rxf3 Qxf3 24. Qf2 Qg4+ 25. Kf1 h5 26. Re3 g5 27. fxg5 Re5 28. Qg3 Qd1+ 29. Qe1 Qg4 30. Qg3 Qd1+ 31. Re1 Rxg5 32. Qxg5 Qf3+ 33. Kg1 Qh3 34. Re3 1-0

[Event "Fouesnant op 09th"]
[Site "Fouesnant"]
[Date "2003.10.28"]
[Round "5"]
[White "Olier, Anthony"]
[Black "Tonal, Jean Jacques"]
[Result "1-0"]
[WhiteElo "1360"]
[BlackElo "1510"]
[PlyCount "35"]
[EventDate "2003.10.25"]
[EventType "swiss"]
[EventRounds "9"]
[EventCountry "FRA"]
[SourceTitle "EXT 2006"]
[Source "ChessBase"]
[SourceDate "2005.11.24"]
[SourceVersion "1"]
[SourceVersionDate "2005.11.24"]
[SourceQuality "1"]

1. e4 d6 2. d4 Nf6 3. Nc3 g6 4. f3 Bg7 5. Be3 c6 6. Qd2 0-0 7. 0-0-0 Re8 8. g4 b5 9. h4 h5 10. gxh5 Nxh5 11. Nce2 a5 12. Bh6 Bh8 13. Nf4 Nxf4 14. Qxf4 e5 15. Qg3 Bg7 16. Bxg7 Kxg7 17. dxe5 Rxe5 18. Qxe5+ 1-0

[Event "Fouesnant op 09th"]
[Site "Fouesnant"]
[Date "2003.10.26"]
[Round "2"]
[White "Le Garrec, Maxime"]
[Black "Olier, Anthony"]
[Result "1/2-1/2"]
[WhiteElo "1590"]
[BlackElo "1360"]
[PlyCount "50"]
[EventDate "2003.10.25"]
[EventType "swiss"]
[EventRounds "9"]
[EventCountry "FRA"]
[SourceTitle "EXT 2006"]
[Source "ChessBase"]
[SourceDate "2005.11.24"]
[SourceVersion "1"]
[SourceVersionDate "2005.11.24"]
[SourceQuality "1"]

1. e4 e5 2. Nf3 Nc6 3. Bb5 a6 4. Bxc6 dxc6 5. 0-0 Nf6 6. Re1 Bg4 7. h3 Bh5 8. c3 Bc5 9. Qb3 Bxf3 10. gxf3 Rb8 11. Na3 0-0 12. f4 Re8 13. fxe5 Rxe5 14. d4 Bxd4 15. cxd4 Qxd4 16. Nc2 Qd7 17. Bf4 Rxe4 18. Rad1 Rxe1+ 19. Nxe1 Nd5 20. Qg3 Qe7 21. Nc2 Rc8 22. Re1 Qf6 23. Be5 Qg6 24. Qxg6 fxg6 25. Nd4 Re8 1/2-1/2